Classement Trophée Kopa masculin 2025 - Statistiques

Statistiques générales
  • Ce quiz a été pris 48 fois
  • Le résultat moyen est 7 sur 10
Statistiques - réponses
Classement Poste Club(s) Nationalité Joueur % Correct
2 ATT Paris Saint-Germain Français Désiré Doué
100%
1 ATT FC Barcelone Espagnol Lamine Yamal
100%
3 MIL Paris Saint-Germain Portugais João Neves
93%
7 DEF FC Barcelone Espagnol Pau Cubarsi
70%
5 ATT Juventus Turc Kenan Yildiz
68%
6 DEF Bournemouth / Real Madrid Espagnol Dean Huijsen
66%
4 ATT Palmeiras / Chelsea Brésilien Estêvão
59%
9 MIL LOSC Français Ayyoub Bouaddi
55%
10 DEF Arsenal Anglais Myles Lewis-Skelly
45%
8 MIL FC Porto Portugais Rodrigo Mora
41%
Aucun quiz correspondant
Distribution des résultats
% des personnes avec chaque résultat
Percentile par nombre de réponses
Votre historique - résultats
Vous n’avez pas pris ce quiz